Catálogo

Vista normal Vista MARC

Entrada Personal Name

Número de registros utilizados en: 1

001 - CONTROL NUMBER

  • control field: 14958

003 - CONTROL NUMBER IDENTIFIER

  • control field: DLC

005 - DATE AND TIME OF LATEST TRANSACTION

  • control field: 20231009163049.0

008 - FIXED-LENGTH DATA ELEMENTS

  • fixed length control field: 230303n| azannaabn |a aaa c

010 ## - LIBRARY OF CONGRESS CONTROL NUMBER

  • LC control number: ns2023000560

035 ## - SYSTEM CONTROL NUMBER

  • System control number: (CaEvSKY)skya13035736

040 ## - CATALOGING SOURCE

  • Original cataloging agency: MX-MxITA
  • Language of cataloging: spa
  • Description conventions: rda
  • Transcribing agency: Mx-PuUPA
  • Modifying agency: Mx-PuUPA

100 1# - HEADING--PERSONAL NAME

  • Personal name: Lepe Pineda, Carlos,

373 ## - ASSOCIATED GROUP

  • Associated group: Universidad Anáhuac
  • Associated group: UNAM

374 ## - OCCUPATION

  • Occupation: Autor
  • Occupation: Licenciado en filosofía
  • Occupation: Maestro en humanidades

375 ## - GENDER

  • Gender: hombre

377 ## - ASSOCIATED LANGUAGE

  • Language code: spa

400 1# - SEE FROM TRACING--PERSONAL NAME

  • Personal name: Pineda, Carlos Lepe

670 ## - SOURCE DATA FOUND

  • Source citation: Gómez Álvarez, J. E. En torno a la verdad y los derechos humanos, 2001:
  • Information found: title page (Carlos Lepe Pineda)